Most Common Words In New York City Subway Station Names - Statistics

General Stats
  • This quiz has been taken 539 times
  • The average score is 11 of 34
Answer Stats
# Answer % Correct
9 East (E)
100%
271 Street(s) (St(s))
100%
150 Avenue(s) (Ave(s))
89%
14 Park
77%
38 Road (Rd)
65%
17 Square (Sq)
65%
5 Central
51%
15 Boulevard (Blvd)
47%
8 Broadway
45%
4 Center
39%
10 Grand
36%
11 Beach
31%
15 Parkway (Pkwy)
29%
4 City
28%
6 Hill
27%
8 Bay
24%
4 Hall
23%
4 Times
23%
5 Union
21%
6 Canal
20%
4 College
19%
4 Junction
18%
6 Rockaway
17%
4 Washington
17%
4 Court
16%
6 Fulton
16%
4 Lexington
14%
4 Atlantic
13%
4 Bedford
10%
6 Van
10%
4 Jackson
9%
4 Prospect
9%
4 Franklin
8%
4 Myrtle
6%
No matching quizzes found
Score Distribution
Percent of People with Each Score
Percentile by Number Answered
Your Score History
You have not taken this quiz